01970nam a22004337a 450000500170000000800410001702000180005804100080007608200180008410000250010210000250012724500910015226000130024326000240025626000090028030000180028949000470030750505270035465000150088165000260089665000440092265000250096665000210099165000430101265000510105565000550110665000370116165000280119865000480122665000650127465000160133965000300135565000170138594200120140299900170141495200350143195200350146695200350150120260112184556.0180320b2013 xxu||||| |||| 00| 0 spa d a9786073221337 aESP a658.72 C549a5 aChopra, Sunil946307 aMeindl, Peter946308 aAdministración de la cadena de suministros: estrategia, planeación y operación  aMéxico bPearson Educación c2013 a516 páginas aDirección y Administración de Empresas aParte I. Construcción de un marco de trabajo estratégico para analizar las cadenas de suministro; Parte II. Diseño de redes de distribución y aplicaciones a ventas en línea. Parte III. Planeación y coordinación de la demanda y la oferta en la cadena de suministro; Parte IV. Planeación y administración de inventarios en una cadena de suministro; Parte V. Diseño y planeación de redes de transporte; Parte VI. Administración de los controladores de funciones cruzadas en una cadena de suministro.  aSUMINISTRO aCADENA DE SUMINISTROS aDISEÑO DE RED DE CADENA DE SUMINISTRO aAJUSTE ESTRATÉGICO aADMINISTRACIÓN aDISEÑO DE REDES DE DISTRIBUBUCIÓN  aDISEÑO Y PLANEACIÓN DE REDES DE TRANSPORTE aDISEÑO DE REDES DE CADENA DE SUMINISTRO GLOBALES aADMINISTRACIÓN DE INVENTARIOS  aREDES DE DISTRIBUCIÓN aCOORDINACIÓN EN UNA CADENA DE SUMINISTRO  aTECNOLOGÍA DE LA INFORMACIÓN EN UNA CADENA DE SUMINISTRO aESTRATEGIA  aCANALES DE DISTRIBUCIÓN aPLANEACIÓN cBK2ddc c10485d10485 o 658.72 C549a5p23009xDAEyBK o 658.72 C549a5p23086xDAEyBK o 658.72 C549a5p23087xDAEyBK